Carros Brasil - Statistics

Estatísticas Gerais
  • Esse quiz foi jogado 1 558 vezes
    1 534 desde o último reset
  • A pontuação média é 100 de 360
Estatísticas das Respostas
Montadora Modelo % Correto
Volkswagen Gol
81%
Fiat Uno
81%
Audi A3
76%
Audi A4
73%
Citroen C3
73%
Honda Civic
73%
Audi A5
72%
Toyota Corolla
72%
Citroen C4
71%
Hyundai HB20
71%
Ford Ka
69%
Audi A1
68%
Chevrolet Onix
68%
Audi A6
67%
Fiat Palio
67%
Jeep Renegade
67%
Dodge Ram
64%
Chevrolet Corsa
62%
Jeep Compass
61%
Volkswagen Fusca
61%
Toyota Hilux
61%
Volkswagen Polo
60%
Peugeot 208
59%
Chevrolet Celta
59%
Ford Fiesta
58%
Volkswagen Golf
58%
BMW X5
58%
Fiat Toro
57%
BMW X1
57%
BMW X3
57%
BMW X4
57%
BMW X6
57%
Citroen C5
56%
Honda City
56%
Fiat Strada
56%
Chevrolet Camaro
55%
Audi Q3
55%
Renault Sandero
55%
BMW X2
55%
Ford Ranger
54%
Chevrolet S10
54%
Peugeot 206
53%
Chevrolet Opala
53%
Fiat Argo
52%
Fiat Mobi
52%
Audi Q5
52%
Peugeot 207
51%
BMW i3
51%
Renault Kwid
51%
Honda Fit
50%
Honda HR-V
50%
Volkswagen Jetta
50%
Chevrolet Astra
49%
Ford Focus
49%
Audi Q7
49%
Volkswagen Saveiro
49%
BMW 320i
48%
Volkswagen Amarok
48%
Volkswagen Brasilia
48%
Chevrolet Chevette
48%
Volkswagen Fox
48%
Mitsubishi Lancer
47%
BMW M3
47%
Fiat Siena
47%
Volkswagen Voyage
47%
Chevrolet Montana
46%
Chevrolet Prisma
46%
Fiat Punto
46%
Audi Q8
46%
Hyundai Creta
45%
BMW M4
45%
Volkswagen Nivus
45%
Volkswagen T-cross
45%
Fiat 500
44%
Renault Duster
44%
BMW M5
44%
Nissan Versa
44%
Peugeot 308
43%
BMW M2
43%
Chevrolet Vectra
43%
Renault Clio
42%
Ford EcoSport
42%
Ford Fusion
42%
Nissan Kicks
42%
Renault Logan
42%
Chevrolet Cruze
41%
Toyota Etios
41%
Land Rover Evoque
41%
Volkswagen Kombi
41%
Mitsubishi L200
41%
Mitsubishi Pajero
41%
Volkswagen Passat
41%
Nissan Sentra
41%
Honda CR-V
40%
Fiat Fiorino
40%
Chevrolet Monza
40%
Ford Mustang
40%
Audi R8
40%
Chevrolet Tracker
40%
Peugeot 2008
39%
Jeep Commander
39%
Audi TT
39%
Fiat Cronos
38%
BMW M1
38%
Volkswagen Virtus
38%
Peugeot 307
37%
Nissan Frontier
37%
Toyota Yaris
37%
Fiat 147
36%
Chevrolet Classic
36%
Fiat Fastback
36%
Hyundai i30
36%
Volkswagen Santana
36%
Chevrolet Spin
36%
Peugeot 3008
35%
Fiat Marea
35%
Chevrolet Omega
35%
Fiat Pulse
35%
Peugeot 306
34%
Hyundai Azera
34%
Mitsubishi Eclipse
34%
Ford Maverick
34%
Chery Tiggo7
34%
Volkswagen Tiguan
34%
Dodge Challenger
33%
Dodge Charger
33%
Toyota Corolla Cross
33%
Land Rover Sport
33%
Chery Tiggo8
33%
Hyundai Tucson
33%
Volkswagen Up
33%
Honda WR-V
33%
Volvo XC60
33%
Fiat Bravo
32%
Kia Cerato
32%
Chevrolet Cobalt
32%
Ford F-100
32%
Nissan March
32%
Volkswagen Parati
32%
Chery QQ
32%
Chevrolet Silverado
32%
Chevrolet Blazer
31%
Fiat Doblo
31%
Ford Escort
31%
Hyundai ix35
31%
Hyundai Santa Fe
31%
Kia Soul
30%
Honda Accord
29%
Chevrolet Agile
29%
Chevrolet C20
29%
Land Rover Discovery
29%
Hyundai Elantra
29%
BMW i8
29%
Renault Megane
29%
Chevrolet Meriva
29%
Hyundai Sonata
29%
Chevrolet | Chrysler Caravan
28%
Chevrolet D20
28%
Ford F-150
28%
Ford F-250
28%
Ford Belina
27%
Chevrolet Kadett
27%
Renault Oroch
27%
Chevrolet Zafira
27%
Chevrolet Corvette
26%
Ford F-1000
26%
Fiat Idea
26%
Volkswagen Taos
26%
Volvo XC90
26%
Chevrolet A20
25%
Chevrolet C10
25%
Mercedes-Benz C180
25%
Ford Del Rey
25%
Mercedes-Benz GTR
25%
Nissan GT-R
25%
Chery Tiggo2
25%
Volvo XC40
25%
Peugeot 408
24%
Kia Sportage
24%
Hyundai Veloster
24%
BMW Z4
24%
Chevrolet A10
23%
Subaru Impreza
23%
Kia Picanto
23%
Fiat Stilo
23%
Fiat Brava
22%
Ford Corcel
22%
Renault Fluence
22%
Ford Pampa
22%
Toyota Supra
22%
Fiat Tempra
22%
Fiat Tipo
22%
Land Rover Velar
22%
Citroen Xsara
22%
Volkswagen Bora
21%
Volvo C30
21%
Citroen C4 Pallas
21%
Renault Captur
21%
Jeep Cherokee
21%
Chevrolet D10
21%
Land Rover Defender
21%
Chevrolet Equinox
21%
Fiat Linea
21%
Chevrolet Sonic
21%
Volkswagen SpaceFox
21%
Chevrolet Trailblazer
21%
Mitsubishi ASX
20%
Citroen C4 Cactus
20%
Chevrolet Captiva
20%
BMW Z3
20%
Peugeot 106
19%
Citroen Aircross
19%
Mercedes-Benz Classe A
19%
Fiat Elba
19%
Jaguar F-Type
19%
Chevrolet Impala
19%
Mitsubishi Outlander
19%
Toyota Prius
19%
Chery Tiggo5x
19%
Ford Edge
18%
Chevrolet Ipanema
18%
Nissan Livina
18%
Kia Sorento
18%
Dodge Journey
17%
Ford Landau
17%
Toyota RAV4
17%
BMW 118i
16%
BMW 120i
16%
Ford Bronco
16%
Toyota Camry
16%
Mercedes-Benz Classe C
16%
Fiat Freemont
16%
Chevrolet Malibu
16%
Fiat Premio
16%
Nissan Skyline
16%
Hyundai Veracruz
16%
Chevrolet Veraneio
16%
Suzuki Vitara
16%
Jeep Wrangler
16%
Peugeot 5008
15%
Volkswagen Apollo
15%
Mercedes-Benz Classe B
15%
Dodge Dart
15%
Fiat Grand Siena
15%
Volkswagen New Beetle
15%
Lada Niva
15%
Ford Territory
15%
Ford Verona
15%
Chrysler 300C
14%
Citroen C4 Lounge
14%
Citroen C4 Picasso
14%
Mercedes-Benz Classe E
14%
Subaru Forester
14%
Jaguar F-Pace
14%
Jeep Grand Cherokee
14%
Suzuki Jimny
14%
Volkswagen Logus
14%
Nissan Tiida
14%
Volvo V60
14%
Citroen C3 Picasso
13%
Mercedes-Benz Classe G
13%
Citroen DS3
13%
Mitsubishi EclipseCross
13%
Chery Tiggo3x
13%
Volkswagen Touareg
13%
Subaru WRX
13%
Nissan 350Z
12%
Mercedes-Benz A200
12%
Chevrolet Chevy
12%
Citroen DS4
12%
Citroen DS5
12%
Jaguar E-Pace
12%
Chevrolet Marajó
12%
Volkswagen Quantum
12%
Volvo S60
12%
Renault Scenic
12%
Renault Symbol
12%
Volvo V40
12%
Dodge Viper
12%
Toyota Bandeirante
11%
Chevrolet Bolt
11%
Mercedes-Benz Classe S
11%
Ford Courier
11%
Land Rover Freelander
11%
Ford Galaxie
11%
Seat Ibiza
11%
Renault Kangoo
11%
Lada Laika
11%
Renault Twingo
11%
Citroen Xsara Picasso
11%
Chevrolet Bonanza
10%
Suzuki Grand Vitara
10%
Peugeot Hoggar
10%
Ford Mondeo
10%
Fiat Oggi
10%
Volkswagen Pointer
10%
Chrysler PT Cruiser
10%
Ford Taurus
10%
Ford Versailles
10%
BMW 335i
9%
Chery Arrizo 5
9%
Chery Arrizo 6
9%
Dodge Dakota
9%
Fiat Panorama
9%
Land Rover Vogue
9%
Fiat Coupe
8%
Honda NSX
8%
Kia Rio
8%
Jaguar XE
8%
Nissan Altima
7%
Seat Cordoba
7%
Toyota Fielder
7%
Nissan Leaf
7%
Kia Optima
7%
Peugeot Partner
7%
Peugeot RCZ
7%
Ford Rural
7%
Volkswagen SP2
7%
BMW 535i
6%
Chery Face
6%
Subaru Outback
6%
Honda Prelude
6%
Mercedes-Benz SLK
6%
Chevrolet Suprema
6%
Suzuki Swift
6%
Volkswagen TL
6%
Mitsubishi 3000GT
5%
Hyundai Accent
5%
Citroen Berlingo
5%
Citroen C4 VTR
5%
Kia Cadenza
5%
Chevrolet Calibra
5%
Chery Celer
5%
Chery Cielo
5%
Ford Explorer
5%
Mitsubishi Galant
5%
Volkswagen Karmann Ghia
5%
Chrysler Neon
5%
Chrysler Stratus
5%
Chevrolet Tigra
5%
Citroen Xantia
5%
Renault Zoe
5%
Toyota Celica
4%
Hyundai Genesis
4%
Subaru Legacy
4%
Ford Royale
4%
Chevrolet Brasinca
3%
Kia Carens
3%
Hyundai Equus
3%
Citroen Grand C4
3%
Renault Laguna
3%
Toyota Corona
2%
Renault Grand Tour
2%
Seat Inca
2%
Kia Magentis
2%
Toyota Paseo
2%
Suzuki SX4
2%
Mitsubishi Airtrek
1%
Suzuki Sidekick
1%
Nenhum quiz correspondente encontrado
Distribuição das Pontuações
Porcentagem de Pessoas com Cada Pontuação
Percentil de Números Respondidos
Sua Pontuação Histórica
Você não jogou esse quiz desde o último reset